Library Banner

(گھریلو دوایں)Gharelo dawain (Urdu) (Record no. 69049)

MARC details
000 -LEADER
fixed length control field 00585nam a2200181Ia 4500
001 - CONTROL NUMBER
control field 65740
003 - CONTROL NUMBER IDENTIFIER
control field OSt
005 - DATE AND TIME OF LATEST TRANSACTION
control field 20160315122616.0
008 - FIXED-LENGTH DATA ELEMENTS--GENERAL INFORMATION
fixed length control field 150403s9999 xx 000 0 und d
040 ## - CATALOGING SOURCE
Transcribing agency PK-LaUMT
082 ## - DEWEY DECIMAL CLASSIFICATION NUMBER
Classification number 616.024
Item number AB-G
100 ## - MAIN ENTRY--PERSONAL NAME
Personal name Abual Jamali Khalid Javed Shamsi
245 ## - TITLE STATEMENT
Title (گھریلو دوایں)Gharelo dawain (Urdu)
Statement of responsibility, etc (عبدالجمیل خالد جاوید شمسی)Abual Jamali Khalid Javed Shamsi
260 ## - PUBLICATION, DISTRIBUTION, ETC. (IMPRINT)
Place of publication, distribution, etc (لاہور، پاکستان)Lahore,Pakistan:
Name of publisher, distributor, etc (تخلیقات)Takhleqaat,
Date of publication, distribution, etc 2013
300 ## - PHYSICAL DESCRIPTION
Extent 175 p.
546 ## - LANGUAGE NOTE
Language note UR
942 ## - ADDED ENTRY ELEMENTS (KOHA)
Koha item type Books
Source of classification or shelving scheme Dewey Decimal Classification
Holdings
Withdrawn status Lost status Damaged status Not for loan Home library Current library Date acquired Total Checkouts Full call number Barcode Date last seen Date checked out Price effective from Koha item type
        UMT Main Campus UMT Main Campus 2015-04-03 3 616.024 AB-G 88334 2019-10-26 2019-10-12 2015-04-03 Books